CHEMICKÉ A MIKROBIOLOGICKÉ PROCESY PRI ZRENÍ SYROV

Bibliographic Details
Main Author: Prekopp, Ivan (Author)
Format: Article
Language:Slovak

MARC

LEADER 00000nab a2200000 a 4500
001 vtls011731189
003 SK-MaSNL
005 20260303112944.0
008 230121|1968 xo |||||||||||||||||slo
015 |a SNBRB 
035 |a (urnnbn)urn:nbn:sk:snk:ar-a05zqd 
035 |a urn:nbn:sk:snk-abf8xb 
035 |a (uuid)909b7e4f-835f-4c03-b861-c3918e3f5d88 
040 |a SNKBUCL  |b slo  |c SNKBUCL  |e AACR2 
041 0 |a slo 
044 |a xo  |c SK 
100 1 |a Prekopp, Ivan  |4 aut  |9 1125714 
245 1 0 |a CHEMICKÉ A MIKROBIOLOGICKÉ PROCESY PRI ZRENÍ SYROV  |c Ivan Prekopp 
773 0 |t Výživa a zdravie : časopis pre výživu a zdravý životný štýl  |g Roč. 13, č. 2 (1968), s. 29-30 
954 |a odborná, vedecká literatúra pôvodná (slovenská)  |2 lita 
958 |a OND 
958 |a EUIPO 
958 |a article24 
999 |c 1888925  |d 1890855